000
00517nam a2200145Ia 4500
008
151213s9999 xx 000 0 und d
100
_a
রাজীব হুমায়ুন।
245
_a
নাটক রচনা রূপ ও রীতি।
_c
রাজীব হুমায়ুন।
260
_a
ঢাকা
_b
বাংলা একাডেমী।
_c
1992
300
_a
9274 p.
650
_a
Bangla
650
_a
নাটক
700
_a
রাজীব হুমায়ুন।
999
_c
4740
_d
4740